| 000 | 00000cas 2200000zi 4500 |
| 001 | 9.940010 |
| 003 | CaOODSP |
| 005 | 20260529143934 |
| 006 | m o d f |
| 007 | cr cn |||||||| |
| 008 | 240628c20249999oncfr p o f0 b0fre|d |
| 022 | |a2818-453X |
| 040 | |aCaOODSP|bfre|erda|cCaOODSP |
| 043 | |an-cn--- |
| 086 | 1 |aNR12-31F-PDF |
| 222 | 2|aL'Arctique et le Nord |b(En ligne) |
| 245 | 02|aL'Arctique et le Nord. |
| 264 | 1|a[Ottawa] : |bConseil national de recherches Canada = National Research Council Canada, |c[2024]- |
| 310 | |aSemestriel |
| 336 | |atexte|btxt|2rdacontent/fre |
| 337 | |ainformatique|bc|2rdamedia/fre |
| 338 | |aressource en ligne|bcr|2rdacarrier/fre |
| 362 | 1 |aParaît depuis : Numéro 3, 2025. |
| 500 | |aPublié aussi en anglais sous le titre : Arctic and Northern. |
| 588 | |aDescription d'après : Numéro 3, 2025. |
| 588 | |aDernière livraison consultée : Numéro 3, 2025. |
| 650 | 6|aArctique|xRecherche|zCanada|vPériodiques. |
| 655 | 7|aPériodiques|2rvmgf |
| 710 | 2 |aConseil national de recherches Canada, |eorganisme de publication. |
| 775 | 08|tArctic and Northern.|w(CaOODSP)9.940011 |
| 780 | 00|tLe vent du Nord : |w(CaOODSP)9.927236 |